Thăng Long thi văn tuyển

Đã lưu trong:
书目详细资料
主要作者: Thăng Long thi văn tuyển
格式: 图书
语言:Undetermined
出版: Hà Nội Văn Học 2000
主题:
标签: 添加标签
没有标签, 成为第一个标记此记录!
Thư viện lưu trữ: Trung tâm Học liệu Trường Đại học Cần Thơ
LEADER 00548nam a2200169Ia 4500
001 CTU_40301
008 210402s9999 xx 000 0 und d
082 |a 895.922008 
082 |b Th116 
100 |a Thăng Long thi văn tuyển 
245 0 |a Thăng Long thi văn tuyển 
245 0 |c Thăng Long thi văn tuyển; Biên soạn: Bùi Hạnh Cẩn 
260 |a Hà Nội 
260 |b Văn Học 
260 |c 2000 
650 |a vietnamese literature - 20th century 
980 |a Trung tâm Học liệu Trường Đại học Cần Thơ